Director by Words From Movie Titles Quiz Stats

Quiz Updated Aug 10, 2016

Also try: 5-Star Directors
Challenge
Share
Tweet
Embed
Score 0/30 Timer 06:00
3 Plays Today
% Correct
Clint Eastwood
85.6%
Quentin Tarantino
85.3%
Alfred Hitchcock
84.1%
John Hughes
74.2%
Stanley Kubrick
70.1%
Martin Scorsese
70%
Tim Burton
69.9%
Ang Lee
66.1%
Wes Anderson
65.1%
Coen Brothers
63.4%
Woody Allen
62.8%
Nora Ephron
60.8%
Terry Gilliam
60%
Guy Ritchie
59.6%
M. Night Shyamalan
58.4%
% Correct
Steven Spielberg
58.2%
Ridley Scott
58.2%
Sofia Coppola
58%
Kathryn Bigelow
57.2%
Wachowskis
57%
Peter Jackson
56.5%
J.J. Abrams
55.4%
John Carpenter
54.2%
Francis Ford Coppola
53.3%
Ron Howard
52.5%
David Fincher
51.4%
Paul Thomas Anderson
46.6%
Bryan Singer
44.7%
Zack Snyder
41.6%
Wes Craven
41.4%

You're not logged in!

Compare scores with friends on all Sporcle quizzes.
Sign Up with Email
OR
Log In

You Might Also Like...

Show Comments

Extras

Top Quizzes Today


Score Distribution

Your Account Isn't Verified!

In order to create a playlist on Sporcle, you need to verify the email address you used during registration. Go to your Sporcle Settings to finish the process.